| 000 | 00746nam a2200229 i 4500 | ||
|---|---|---|---|
| 001 | 62827 | ||
| 003 | ES-MaACL | ||
| 005 | 20250727034606.0 | ||
| 007 | t| | ||
| 008 | 031126s1956 sp ||||1| spa d | ||
| 100 | 1 |
_aFernández de Castro, Ignacio. _949639 |
|
| 245 | 1 | 0 |
_aDel paternalismo a la justicia social / _cIgnacio Fernández de Castro. |
| 250 | _a1ª ed. | ||
| 260 |
_aMadrid : _bEuramérica, _c[1956] ( _eCáceres : _fIbarra) |
||
| 300 |
_a182 p. ; _c18 cm. |
||
| 490 | 1 |
_aMundo mejor. Serie IV ; _v2 |
|
| 650 | 7 |
_aProblemas sociales _2embne _916415 |
|
| 650 | 7 |
_aIglesia y problemas sociales _2embne _913569 |
|
| 830 | 1 |
_aMundo mejor. Serie IV ; _v2 _9230642 |
|
| 852 |
_aES-MaACL _jC-11943 |
||
| 999 |
_c62827 _d62827 |
||